| 000 -CABECERA |
| Longitud fija campo de control |
00524nam a2200193 a 4500 |
| 001 - NÚMERO DE CONTROL |
| Número de control |
4252 |
| 003 - IDENTIFICADOR DEL NÚMERO DE CONTROL |
| Identificador del número de control |
CDMR |
| 005 - FECHA Y HORA DE LA ÚLTIMA TRANSACCIÓN |
| Fecha y hora de la última transacción |
20130319185947.0 |
| 008 - CÓDIGOS DE INFORMACIÓN DE LONGITUD FIJA |
| Códigos de información de longitud fija |
130130s1993||||||||||||||||||||||||||||d |
| 020 ## - NÚMERO INTERNACIONAL NORMALIZADO PARA LIBROS |
| Número Internacional Normalizado para Libros (ISBN) |
8430923489 |
| 040 ## - FUENTE DE LA CATALOGACIÓN |
| Centro catalogador de origen |
CDMR |
| Lengua de catalogación |
cat |
| Centro transcriptor |
CDMR |
| 245 00 - MENCIÓN DE TÍTULO |
| Título |
Constitución Española |
| 250 ## - MENCIÓN DE EDICIÓN |
| Mención de edición |
6ª ed. |
| 260 ## - PUBLICACIÓN, DISTRIBUCIÓN, ETC. (PIE DE IMPRENTA) |
| Lugar de publicación, distribución, etc. |
Madrid |
| Fecha de publicación, distribución, etc. |
1993 |
| Nombre del editor, distribuidor, etc. |
Tecnos |
| 300 ## - DESCRIPCIÓN FÍSICA |
| Extensión |
159 p ; |
| Dimensiones |
17 cm |
| 490 0# - MENCIÓN DE SERIE |
| Mención de serie |
Biblioteca de Textos Legales. Derecho político y constitucional |
| Designación de volumen o secuencia |
13 |
| 700 1# - PUNTO DE ACCESO ADICIONAL - NOMBRE DE PERSONA |
| Nombre de persona |
López Guerra, Lluís |
| Término indicativo de función |
ed. lit. |
| 9 (RLIN) |
2720 |
| 942 ## - ENTRADA DE ELEMENTOS AGREGADOS (KOHA) |
| Koha [por defecto] tipo de item |
Monografies |
| Fuente de clasificaión o esquema |
|